| 000 | 00925nam a2200217Ia 4500 | ||
|---|---|---|---|
| 003 | Ost | ||
| 005 | 20260507075054.0 | ||
| 008 | 260507s9999||||xx |||||||||||||| ||und|| | ||
| 040 | _cfsecg | ||
| 041 | _aara | ||
| 082 | _a347 | ||
| 100 |
_aزهران، همام محمد محمود _eمؤلف |
||
| 245 | 0 |
_aاصول الاثبات في المواد المدنية و التجارية / _c همام محمد محمود زهران |
|
| 260 |
_aالاسكندرية: _bدار الجامعة الجديدة, _c2002 |
||
| 300 |
_a600 صفحة؛ _c24 سم |
||
| 490 | _aالمكتبة القانونية | ||
| 520 | _aمحل الإثبات ، الأصل في تحديد المكلف بعبئ الإثبات، سبل تحصيل الحقيقة القضائية ،أدلة الإثبات الأدلة المطلقة ،الأدلة المقيدة | ||
| 653 | _aالإثبات | ||
| 653 | _aالقانون | ||
| 942 | _cكتاب | ||
| 999 |
_c42719 _d42719 |
||